Identities in talk
Αποθηκεύτηκε σε:
| Άλλοι συγγραφείς: | , |
|---|---|
| Μορφή: | Βιβλίο |
| Γλώσσα: | English |
| Δημοσίευση: |
London :
Sage,
c1998.
|
| Θέματα: | |
| Ετικέτες: |
Προσθήκη ετικέτας
Δεν υπάρχουν, Καταχωρήστε ετικέτα πρώτοι!
|
MARC
| LEADER | 00000cam a2200000 i 4500 | ||
|---|---|---|---|
| 001 | 1/13743 | ||
| 008 | 001129s1998 enk| ||| |||| ||eng|| | ||
| 020 | |a 0761950613 | ||
| 035 | |l 10064737 | ||
| 040 | |a GR-MY-UA |b gre |e aacr | ||
| 041 | 0 | |a eng | |
| 082 | 0 | |a 302.5 | |
| 245 | 0 | 0 | |a Identities in talk / |c edited by Charles Antaki and Sue Widdicombe. |
| 260 | |a London : |b Sage, |c c1998. | ||
| 300 | |a ix, 224 σ. ; |c 23 εκ. | ||
| 504 | |a Περιέχει βιβλιογραφικές παραπομπές και ευρετήριο. | ||
| 650 | 0 | 0 | |a Interpersonal communication. |
| 650 | 0 | 0 | |a Identity (Psychology) |
| 700 | 1 | |a Antaki, Charles, |e edt | |
| 700 | 1 | |a Widdicombe, Sue, |e edtf | |
| 852 | |a INST |b LESVOS |e 20001129 |h 302.5 IDE |p 005100029431 |q 005100029431 |t BK |y 0 | ||
| 852 | |a INST |b LESVOS |e 20231128 |h 302.5 IDE |p 005100065608 |q 005100065608 |t BK |y 0 | ||
| 901 | |a BIBL1-2000-3 | ||
| 922 | |a 1ΕΛΗ |b 200011 |c ΤΑΚ/ΠΤΕ |d ΜΙΧΑΛΟΠΟΥΛΟΣ | ||
| 950 | |a 185-2000-09-13 | ||
| 970 | |a ΤΖΑΦΕΡΗ |b ΕΥΑΓΓΕΛΙΑ |z 2000/12/07 | ||